North Pole to South Pole Quiz Stats

Quiz Updated Jul 10, 2012

Also try: Slimmest Countries
Challenge
Share
Tweet
Embed
Score 0/26 Timer 05:00
5 Plays Today
Countries (from North to South) % Correct
Russia
92.3%
Finland
82%
Norway
81.3%
South Africa
81.1%
Sweden
79.9%
Greece
77.1%
Poland
76.5%
Latvia
72.9%
Estonia
71.5%
Lithuania
70.9%
Ukraine
67.8%
Romania
67.5%
Libya
67.1%
Countries (from North to South) % Correct
Hungary
65.2%
Sudan
65%
Chad
64.8%
Slovakia
64%
Democratic Republic of Congo
62.5%
Bulgaria
61.2%
Serbia
59.1%
Macedonia
58%
Central African Republic
55%
Botswana
54.7%
Zambia
53.3%
Namibia
49.4%
Angola
47.6%

You're not logged in!

Compare scores with friends on all Sporcle quizzes.
Sign Up with Email
OR
Log In

You Might Also Like...

Show Comments

Extras

Top Quizzes Today


Score Distribution

Your Account Isn't Verified!

In order to create a playlist on Sporcle, you need to verify the email address you used during registration. Go to your Sporcle Settings to finish the process.